000 00326nam a22001217a 4500
003 SGT
082 _a954
_bY16K
100 _aकृष्ण, संजय
245 _aयात्राओं में झारखण्ड
260 _bविकल्प प्रकाशन
_c2016
300 _a168
942 _2ddc
_cBK
999 _c31930
_d31930